000
00301nam a22001217a 4500
020
_a
8123908279
082
_a
621.4022
_b
BHA/FU
100
_a
Bhatia, S.C
245
_a
Fundamentals of heat and mass transfer
260
_a
New Delhi
_b
CBS Publishers & Distributors
_c
2007
300
_a
485p
942
_c
BK
999
_c
13906
_d
13906